LIBRARY & INFORMATION CENTRE, KCAET, TAVANUR

ONLINE PUBLIC ACCESS CATALOGUE (OPAC)

An Introduction to Modern Techniques in Geotechnical and Foundation Engineering (Record no. 14404)

MARC details
000 -LEADER
fixed length control field 00416nam a22001457a 4500
003 - CONTROL NUMBER IDENTIFIER
control field OSt
008 - FIXED-LENGTH DATA ELEMENTS--GENERAL INFORMATION
fixed length control field 250328b |||||||| |||| 00| 0 eng d
020 ## - INTERNATIONAL STANDARD BOOK NUMBER
ISBN 9788184872453
082 ## - DEWEY DECIMAL CLASSIFICATION NUMBER
Classification number 624.1501
Item number NAI/IN
100 ## - MAIN ENTRY--AUTHOR NAME
Personal name Nainan,P.Kurian
245 ## - TITLE STATEMENT
Title An Introduction to Modern Techniques in Geotechnical and Foundation Engineering
260 ## - PUBLICATION, DISTRIBUTION, ETC. (IMPRINT)
Place of publication New Delhi
Name of publisher Narosa Publishing House
Year of publication 2013
300 ## - PHYSICAL DESCRIPTION
Number of Pages A.4
942 ## - ADDED ENTRY ELEMENTS (KOHA)
Koha item type Books
Holdings
Withdrawn status Lost status Damaged status Collection code Home library Current library Shelving location Date acquired Source of acquisition Cost, normal purchase price Full call number Accession Number Koha item type
        KAUAET KAUAET General Stacks 30/03/2013 Aman Book Stall, Calicut 495.00 624.1501 NAI/IN 24060 Books
free website counter